01653nam a2200397 a 4500001001200000003000800012006001900020007001500039008004100054010001700095020002800112020004000140020001800180020002700198040002100225035002100246043001200267050002600279082001500305100002400320245009800344260005600442300004200498490004800540500007400588504006400662533015200726650003000878650002600908655002900934700008300963710001701046830004901063856012601112999001701238ebr10676190CaPaEBRm u cr cn|||||||||021009s2003 cauab sb 001 0 eng d z 2002038745 z0520228251 (alk. paper) z0520228278 (paperback : alk. paper) z9780520228252 z9780520926752 (e-book) aCaPaEBRcCaPaEBR a(OCoLC)801845366 an-usp--14aQL666.L25bS48 2003eb04a597.952211 aSherbrooke, Wade C.10aIntroduction to horned lizards of North Americah[electronic resource] /cWade C. Sherbrooke. aBerkeley :bUniversity of California Press,cc2003. axiii, 177 p. :bcol. ill., col. maps.1 aCalifornia natural history guides ;vno. 64 aRev. ed. of: Horned lizards, unique reptiles of North America. c1981. aIncludes bibliographical references (p. 163-169) and index. aElectronic reproduction.bPalo Alto, Calif. :cebrary,d2013.nAvailable via World Wide Web.nAccess may be limited to ebrary affiliated libraries. 0aHorned toadszWest (U.S.) 0aReptileszWest (U.S.) 7aElectronic books.2local1 aSherbrooke, Wade C.tHorned lizards, unique reptiles of western North America.2 aebrary, Inc. 0aCalifornia natural history guides ;vno. 64.40uhttp://site.ebrary.com/lib/rucke/Doc?id=10676190zAn electronic book accessible through the World Wide Web; click to view c58371d58371